Alle Pokéball-Pokémon in der Super Smash Bros.-Reihe - Statistiken

Allgemein
  • Dieses Quiz wurde 22 mal gespielt
  • Das Durchschnittsergebnis liegt bei 39 aus 86
Antwortstatistiken
Antwort % Korrekt
Relaxo
100%
Glurak
82%
Mew
82%
Arktos
76%
Bisaflor
76%
Lavados
76%
Zapdos
76%
Goldini
71%
Darkrai
65%
Evoli
65%
Solgaleo
65%
Sterndu
65%
Turtok
65%
Xerneas
65%
Alola-Raichu
59%
Arceus
59%
Entei
59%
Ho-Oh
59%
Lugia
59%
Lunala
59%
Starmie
59%
Suicune
59%
Celebi
53%
Fynx
53%
Groudon
53%
Keldeo
53%
Kyogre
53%
Kyurem
53%
Latias und Latios
53%
Manaphy
53%
Mauzi
53%
Meloetta
53%
Palkia
53%
Alola-Kokowei
47%
Genesect
47%
Giratina
47%
Igamaro
47%
Abra
41%
Bibor
41%
Deoxys
41%
Ditto
41%
Endivie
41%
Guardevoir
41%
Jirachi
41%
Lektrobal
41%
Metagross
41%
Plinfa
41%
Raikou
41%
Scherox
41%
Smogmog
41%
Victini
41%
Alola-Vulpix
35%
Chaneira
35%
Dartiri
35%
Dedenne
35%
Flauschling
35%
Flemmli
35%
Kapu-Riki
35%
Marshadow
35%
Mimigma
35%
Puponcho
35%
Serpifeu
35%
Smogon
35%
Togedemaru
35%
Togepi
35%
Vulpix
35%
Woingenau
35%
Feurigel
29%
Kosturso
29%
Mampfaxo
29%
Onix
29%
Ottaro
29%
Piepi
29%
Rexblisar
29%
Snibunna
29%
Zoroark
29%
Chevrumm
24%
Gufa
24%
Iscalar
24%
Blubella
18%
Icognito
18%
Kicklee
18%
Mobai
18%
Schluppuck
18%
Marill
12%
Porygon2
12%
Keine übereinstimmenden Quizze gefunden
Verteilung der Resultate
Anzahl Personen mit jedem Resultat
Perzentil nach korrekt beantworteten Fragen
Ihre Resultats-Entwicklung
Sie haben dieses Quiz noch nicht gespielt